000 00561 a2200193 4500
005 20260319124941.0
008 260319b |||||||| |||| 00| 0 eng d
020 _a9781035320929
040 _cSDCL
041 _2eng
_aeng
084 _aX:57.73'P R4
245 _aDollar Hegemony :
_bPast, Present, and Future
260 _aCheltenham :
_bEdward Elgar Publishing,
_c2024.
300 _a137p.
700 _aPalley, Thomas ed.
_91132551
700 _aCaldentey, Esteban perez ed.
_91132552
700 _aVernengo, Matias ed.
_91132553
942 _cTEXL
_2CC
999 _c1715130
_d1715130